1150 1526 1107 1758 1672 1569 1795 1916 1525 1363 1818 1488 1318 1420 1458 1431 1544 1139 1571 1892 1183 1366 1786 1689 1891 1755 1862 1650 1975 1484 1802 1041 1873 1998 1079 1687 1351 1240 1335 1447 1982 1934 1445 1021 1653 1854 1421 1802 1076 1737 1690 1417 1476 1176 1586 1036 1827 1409 1553 1692 1936 1662 1440 1650 1263 1671 1810 1993 1745 1096 1793 1898 1102 1892 1738 1862 1128 1030 1987 1084 1067 1201 1843 1163 1363 1920 1394 1776 1124 1152 1250 1536 1537 1947 1247 1772 1786 1192 1167 BCNSPRNW ULIB Ver.6.0+V

เปลี่ยนเป็นภาษาไทย

Change to English
 แสดงรายละเอียดบรรณานุกรม
  กลับหน้าหลัก

Brief Record : Get Marc (ISO 2709) : E-mail record : QR code < ปิดหน้าต่าง
LEADER : 00000nam 2200000uu 4500
001    13399112622
003     ULIB
008    110829s2550||||th 000 0 tha d
020    9789741107698
050  4 HV5740^bศ159ส 2550
100 0  ศรัณญา เบญจกุล
245 00 สถานการณ์การบริโภคยาสูบของประชากรไทย พ.ศ. 2534-2549 /^cคณะผู้จัดทำ ศรัณญา เบญจกุล ... [และคนอื่นๆ]
250    พิมพ์ครั้งที่ 1
260    กรุงเทพฯ :^bศูนย์วิจัยและจัดการความรู้เพื่อการควบคุมยาสูบ (ศจย.),^c2550
300    xix, 244 หน้า :^bภาพประกอบ ;^c25 ซม.
650  4 การสูบบุหรี่^xวิจัย
650  4 บุหรี่^xวิจัย
650  4 ยาสูบ^xวิจัย
700 0  ศรัณญา เบญจกุล
710 2  ศูนย์วิจัยและจัดการความรู้เพื่อการควบคุมยาสูบ (ศจย.)
945    ^p0^l0^i023167
945    ^p0^l0^i023168
945    ^p0^l0^i023169
995    ทศพร
999 ^a ทศพร
รายการนี้ยังไม่มีแท็ก
คุณยังไม่ได้ล็อกอิน คุณสามารถมีกิจกรรมร่วมกับเว็บไซต์ได้ แต่ต้องล็อกอินก่อน ::
  ล็อกอิน

รายการสื่อสารสนเทศ

ลำดับที่ ประเภท เลขเรียก/บาร์โค้ด สถานที่ สถานะ
- ไม่พบข้อมูล -

รายการใกล้เคียง
    ผู้แต่ง [ศรัณญา เบญจกุล]

BibComment


ยังไม่เคยถูกคอมเมนท์

คอมเมนท์ทรัพยากรรายการนี้
  คอมเมนท์: สถานการณ์การบริโภ..


 Copyright 2026. Bcnsprnw @Library